| 000 | 00690nam a2200181Ia 4500 | ||
|---|---|---|---|
| 008 | 090630s9999 xx 000 0 und d | ||
| 082 | _b12612 | ||
| 100 | _aगाडगीळ अमरेंद्र. | ||
| 245 |
_aमोडली मांडली क्षेत्रे. _cगाडगीळ अमरेंद्र. |
||
| 260 |
_bसन. _c1991 |
||
| 300 | _a192 | ||
| 600 | _aगाडगीळ अमरेंद्र. | ||
| 630 | _aमोडली मांडली क्षेत्रे. | ||
| 655 | _aइतर. | ||
| 700 | _aगाडगीळ अमरेंद्र. | ||
| 730 | _aमोडली मांडली क्षेत्रे. | ||
| 942 | _cBOOK | ||
| 999 |
_c264468 _d264468 |
||